C'est pas grave - Columbine (paroles) - Statistiques

Statistiques générales
  • Ce quiz a été pris 501 fois
  • Le résultat moyen est 264 sur 312
Statistiques - réponses
Réponse % Correct
c'est
99%
C'est
99%
grave,
99%
grave
99%
pas
99%
pas,
99%
Non,
97%
Non
97%
(Non)
97%
non
97%
(non)
97%
On
95%
on
95%
là,
92%
92%
la
92%
le
92%
par
91%
passé
90%
vous
89%
frelon,
88%
est
87%
inséparables
87%
à
86%
ne
86%
86%
croyait
84%
mon
84%
Tout
84%
te
83%
Te
83%
dans
82%
les
81%
de
80%
jamais,
79%
jamais
79%
Si
79%
un
79%
l'monde
78%
son
78%
plus
77%
visage
77%
vrai
77%
bon
75%
comme
75%
du
75%
je
75%
Je
75%
parages
75%
côté
74%
montrera
74%
rivage
72%
t'es
72%
paysage
71%
Ils
70%
leur
70%
vérité,
70%
animal
69%
Fausse
69%
ton
69%
Fuck,
68%
table
68%
cœur
67%
corps
67%
j'veux
67%
j'suis
66%
mirage
66%
nous
66%
Qui
66%
irréparable
64%
Tant
64%
t'as
64%
une
64%
mensonge
63%
traitent
63%
t'aime
62%
vie
62%
j'rigole,
60%
m'asseoir
59%
qu'j'ai
59%
déjà
58%
mène
58%
deux
57%
quiero,
57%
Bonheur
56%
fort,
56%
Sur
56%
vue
56%
chercheur
55%
d'accord
55%
d'or,
55%
instru'
55%
mis
55%
mort
55%
cherche
54%
superflue
54%
uppercut
53%
crochet
51%
tromper
51%
n's'est
48%
J'leur
46%
mets
46%
J'vis
44%
oui,
22%
Aucun quiz correspondant
Distribution des résultats
% des personnes avec chaque résultat
Percentile par nombre de réponses
Votre historique - résultats
Vous n’avez pas pris ce quiz